| 000 | 00987nam a22003017a 4500 | ||
|---|---|---|---|
| 001 | 2324 | ||
| 005 | 20240719092253.0 | ||
| 020 | _a9780689834431 | ||
| 040 |
_aFISKH _beng _cFISKH _dFISKH |
||
| 050 | _aPZ7.R982 | ||
| 082 | _a507 | ||
| 100 | _aRylant, Cynthia | ||
| 245 |
_aHenry and Mudge and Annie's perfect pet / _cThe Twentieth Book of Their Adventures by Cynthia Rylant illustrated by Sucie Stenvenson |
||
| 250 | _aFirst Alladin Paperbacks Edition February 2001 | ||
| 260 |
_aNew York : _bSimon Spotlight, _c2000 |
||
| 300 |
_a31 pages : _billustrations _c23 cm |
||
| 490 | _aHenry and Mudge | ||
| 505 | _aJ | ||
| 520 | _aAlthough Henry's cousin Annie likes his dog Mudge, when she gets her own pet she decides that a bunny will be perfect for her. | ||
| 521 |
_a490
_bLexile |
||
| 521 |
_aJ
_bRaz-Plus |
||
| 650 | _adog | ||
| 650 | _aanimals | ||
| 650 | _awild animals | ||
| 650 | _apet | ||
| 700 |
_aStevenson, Sucie _eIllustrator |
||
| 942 |
_2ddc _cBK _n0 |
||
| 999 |
_c2324 _d2324 |
||